प्रकाशित विकिरण (Record no. 1138)

MARC details
000 -LEADER
fixed length control field 00968 a2200217 4500
005 - DATE AND TIME OF LATEST TRANSACTION
control field 20080904130226.0
008 - FIXED-LENGTH DATA ELEMENTS--GENERAL INFORMATION
fixed length control field 080904t xxu||||| |||| 00| 0 hin d
010 ## - LIBRARY OF CONGRESS CONTROL NUMBER
LC control number HIN-79027
020 ## - INTERNATIONAL STANDARD BOOK NUMBER
Terms of availability 135.00
International Standard Book Number 8190214330
035 ## - SYSTEM CONTROL NUMBER
System control number HN-51374
037 ## - SOURCE OF ACQUISITION
Source of stock number/acquisition D.B.Act / pub
082 ## - DEWEY DECIMAL CLASSIFICATION NUMBER
Classification number 535
100 ## - MAIN ENTRY--PERSONAL NAME
Personal name सत्यपाल
245 ## - TITLE STATEMENT
Title प्रकाशित विकिरण
Statement of responsibility, etc सत्यपाल
246 ## - VARYING FORM OF TITLE
Title proper/short title Prakashic vikiran
Remainder of title by Satyapal
260 ## - PUBLICATION, DISTRIBUTION, ETC. (IMPRINT)
Place of publication, distribution, etc दिल्ली
Name of publisher, distributor, etc खुराना पाँकेट बुक्स
Date of publication, distribution, etc 2006
270 ## - ADDRESS
Address 568, डा.मुखर्जी नगर
City दिल्ली
Postal code 110009
300 ## - PHYSICAL DESCRIPTION
Dimensions 22 सेमी (सजिल्द)
Extent 120पृ
Other physical details सचित्र
942 ## - ADDED ENTRY ELEMENTS (KOHA)
Institution code [OBSOLETE] dpl
Koha item type Hindi Books
Call number prefix 535 / सत्यपा
Source of classification or shelving scheme Dewey Decimal Classification
Classification part 535
Call number suffix सत्यपा
Holdings
Withdrawn status Lost status Damaged status Not for loan Collection code Home library Current library Date acquired Cost, normal purchase price Total Checkouts Full call number Barcode Date last seen Copy number Uniform Resource Identifier Cost, replacement price Price effective from Koha item type
      Not For Loan Non-fiction D.B.Act.Division D.B.Act.Division 04/09/2008 135.00   535 सत्यपा HN-51374 15/09/2008 1 1203 135.00 15/09/2008 Hindi Books

© Delhi Public Library
Hit Counter
free hit counter